Devinez la Capitale Mystère #78 - Statistiques

Statistiques générales
  • Ce quiz a été pris 122 fois
  • Le résultat moyen est 29 sur 34
Statistiques - réponses
Type de Réponse Réponse % Correct
Lettre Trouvée A
100%
Lettre Trouvée E
100%
Lettre de l'Alphabet I
100%
Lettre Trouvée N
100%
Lettre de l'Alphabet R
100%
Lettre Trouvée S
100%
Lettre de l'Alphabet L
99%
Lettre de l'Alphabet B
98%
Lettre de l'Alphabet O
98%
Lettre de l'Alphabet M
96%
Lettre de l'Alphabet P
95%
Lettre Trouvée T
95%
Lettre de l'Alphabet D
93%
Lettre de l'Alphabet U
92%
Lettre de l'Alphabet G
91%
Lettre de l'Alphabet K
91%
Lettre de l'Alphabet C
89%
Lettre Trouvée H
89%
Lettre de l'Alphabet W
87%
Lettre de l'Alphabet J
81%
Lettre Bien Placée S
80%
Lettre Bien Placée E
79%
Lettre Bien Placée N
79%
Lettre Bien Placée È
78%
Lettre de l'Alphabet V
78%
Lettre Bien Placée A
77%
Lettre de l'Alphabet X
77%
Lettre de l'Alphabet Y
77%
Lettre de l'Alphabet Z
70%
Lettre de l'Alphabet Q
69%
Lettre Bien Placée T
69%
Lettre de l'Alphabet F
67%
Capitale Mystère Athènes
65%
Lettre Bien Placée H
65%
Aucun quiz correspondant
Distribution des résultats
% des personnes avec chaque résultat
Percentile par nombre de réponses
Votre historique - résultats
Vous n’avez pas pris ce quiz